Normal view
MARC view
Entry Geographic Name
001 - CONTROL NUMBER
- control field: 14081
003 - CONTROL NUMBER IDENTIFIER
- control field: OSt
005 - DATE AND TIME OF LATEST TRANSACTION
- control field: 20210412113109.0
008 - FIXED-LENGTH DATA ELEMENTS
- fixed length control field: 210412|| aca||aabn | a|a d
040 ## - CATALOGING SOURCE
- Original cataloging agency: OSt
- Transcribing agency: OSt
151 ## - HEADING--GEOGRAPHIC NAME
- Geographic name: Congo River.
670 ## - SOURCE DATA FOUND
- Source citation: Work cat.: (OSt)0: Tshimanga, Raphael M. 14076, Traditional systems of water and water resources management along the Upper Congo River /, 2010.
